[Event "14. Zlatá Praha-C"]
[Site "Praha"]
[Date "2018.06.30"]
[Round "4.7"]
[White "Zvacek, Antonin"]
[Black "Svrcek, Martin"]
[Result "0-1"]
[WhiteElo "1853"]
[BlackElo "2065"]
[PlyCount "100"]
[EventDate "2018.??.??"]
[EventType "swiss (rapid)"]
[EventCountry "CZE"]

1. e4 e6 2. d3 d5 3. Nd2 Ne7 4. g3 g6 5. Bg2 Bg7 6. Ngf3 O-O 7. O-O c5 8. Re1
Nbc6 9. h4 b6 10. Nf1 Qc7 11. N3h2 Bb7 12. c3 Rad8 13. Qe2 Ba6 14. Bg5 Rd7 15.
Bxe7 Nxe7 16. e5 b5 17. d4 Qb6 18. Qd2 Nf5 19. Rad1 Rc7 20. Ne3 Nxe3 21. Qxe3
cxd4 22. cxd4 Rc2 23. Re2 Rfc8 24. Qd3 Rxe2 25. Qxe2 b4 26. Qd2 h5 27. Nf3 b3
28. axb3 Qxb3 29. Rc1 Rxc1+ 30. Qxc1 Bc4 31. Qc3 Qxc3 32. bxc3 Bh6 33. Bf1 a5
34. Bxc4 dxc4 35. Ne1 Bd2 36. Nc2 Bxc3 37. Kf1 Bb2 38. Ke2 a4 39. Nb4 Bxd4 40.
f4 a3 41. Na2 Kf8 42. Kf3 Ke7 43. Ke4 Bb2 44. Kf3 c3 45. Ke2 Kd7 46. Kd3 Kc6
47. Nxc3 Bxc3 48. Kxc3 Kd5 49. g4 hxg4 50. f5 exf5 0-1

[Event "14. Zlatá Praha-C"]
[Site "Praha"]
[Date "2018.06.30"]
[Round "5.1"]
[White "Pribyl, Josef"]
[Black "Gregor, Jiri"]
[Result "1-0"]
[WhiteElo "2207"]
[BlackElo "2200"]
[PlyCount "57"]
[EventDate "2018.??.??"]
[EventType "swiss (rapid)"]
[EventCountry "CZE"]

1. e4 c6 2. d4 d5 3. exd5 cxd5 4. c4 Nf6 5. Nc3 g6 6. cxd5 Bg7 7. Bb5+ Nbd7 8.
d6 O-O 9. dxe7 Re8 10. Nge2 Rxe7 11. O-O Nb6 12. Bg5 a6 13. Bd3 h6 14. Bh4 g5
15. Bg3 Nh5 16. Qd2 f5 17. Be5 Bxe5 18. dxe5 Be6 19. Rad1 Qc7 20. f4 Qc5+ 21.
Kh1 Rd8 22. Qc2 Ng7 23. Bxf5 Rxd1 24. Bxe6+ Rxe6 25. Rxd1 gxf4 26. Nxf4 Re7 27.
Rd8+ Re8 28. Rxe8+ Nxe8 29. Qg6+ 1-0

[Event "14. Zlatá Praha-C"]
[Site "Praha"]
[Date "2018.06.30"]
[Round "5.2"]
[White "Plischki, Sebastian"]
[Black "Sergeev, Vladimir"]
[Result "1/2-1/2"]
[WhiteElo "2486"]
[BlackElo "2470"]
[PlyCount "49"]
[EventDate "2018.??.??"]
[EventType "swiss (rapid)"]
[EventCountry "CZE"]

1. d4 Nf6 2. Bg5 d5 3. e3 Ne4 4. Bf4 c6 5. Bd3 Qb6 6. Bxe4 dxe4 7. Nc3 Qxb2 8.
Nge2 Nd7 9. Nxe4 Qb4+ 10. c3 Qa5 11. O-O Nf6 12. Nxf6+ exf6 13. c4 Be6 14. Qc2
Qa6 15. c5 f5 16. Ng3 Qc4 17. Qb1 Qb5 18. Qxb5 cxb5 19. Rfb1 Bd7 20. a4 bxa4
21. Rxb7 Be7 22. f3 g5 23. Bd6 Bxd6 24. cxd6 Kd8 25. Rc1 1/2-1/2

[Event "14. Zlatá Praha-C"]
[Site "Praha"]
[Date "2018.06.30"]
[Round "5.3"]
[White "Frolov, Artur"]
[Black "Krivanek, Vladimir"]
[Result "1-0"]
[WhiteElo "2327"]
[BlackElo "2109"]
[PlyCount "73"]
[EventDate "2018.??.??"]
[EventType "swiss (rapid)"]
[EventCountry "CZE"]

1. e4 e6 2. d4 d5 3. Nd2 Nc6 4. Ngf3 Nf6 5. e5 Nd7 6. Be2 f6 7. exf6 Qxf6 8.
Nf1 Bd6 9. Ne3 O-O 10. O-O Ne7 11. c4 c6 12. c5 Bc7 13. Ng4 Qg6 14. h3 Nf5 15.
Bd3 Qh5 16. Re1 e5 17. Nfxe5 Nxe5 18. dxe5 Kh8 19. b4 Be6 20. Bb2 Rae8 21. Ne3
Qg5 22. Qg4 Qxg4 23. Nxg4 Rf7 24. Ne3 Nh4 25. Be2 Rf4 26. a3 d4 27. Ng4 h5 28.
Nh2 Bd5 29. Bxh5 Ref8 30. f3 Nf5 31. Bg4 d3 32. Rad1 Bc4 33. Nf1 Ne7 34. g3
R4f7 35. e6 Rxf3 36. Bxf3 Rxf3 37. Re3 1-0

[Event "14. Zlatá Praha-C"]
[Site "Praha"]
[Date "2018.06.30"]
[Round "5.4"]
[White "Benes, Petr"]
[Black "Netusil, Miloslav"]
[Result "0-1"]
[WhiteElo "2099"]
[BlackElo "2262"]
[PlyCount "96"]
[EventDate "2018.??.??"]
[EventType "swiss (rapid)"]
[EventCountry "CZE"]

1. Nf3 d5 2. g3 Bg4 3. Bg2 Nd7 4. d4 e6 5. O-O Ngf6 6. c4 c6 7. Qb3 Qb6 8. c5
Qxb3 9. axb3 Be7 10. b4 a6 11. h3 Bh5 12. Bf4 h6 13. Nc3 O-O 14. Nd2 Bg6 15. g4
Ne8 16. Bh2 Bd8 17. b5 cxb5 18. Nxb5 Rc8 19. Nd6 Nxd6 20. Bxd6 Re8 21. e4 Nf6
22. f3 Bc7 23. e5 Nd7 24. Rfc1 Nb8 25. Bf1 f6 26. Nb3 Nc6 27. Bxc7 Rxc7 28. f4
Be4 29. Rc3 fxe5 30. fxe5 Rf8 31. Be2 Rf4 32. Rf1 Rcf7 33. Rxf4 Rxf4 34. Rc1
Kf7 35. Rf1 Rxf1+ 36. Bxf1 Bc2 37. Na1 Nxd4 38. Kf2 Be4 39. Ke3 Nc6 40. Kf4 g5+
41. Ke3 Nxe5 42. Nb3 Nc6 43. Nd2 Bg6 44. Bg2 Ke7 45. Nb3 Bf7 46. Bf1 e5 47. Bd3
d4+ 48. Ke2 Bxb3 0-1

[Event "14. Zlatá Praha-C"]
[Site "Praha"]
[Date "2018.06.30"]
[Round "5.5"]
[White "Svrcek, Martin"]
[Black "Steiner, Juraj"]
[Result "1-0"]
[WhiteElo "2065"]
[BlackElo "1914"]
[PlyCount "141"]
[EventDate "2018.??.??"]
[EventType "swiss (rapid)"]
[EventCountry "CZE"]

1. d4 Nf6 2. c4 e6 3. Nc3 Bb4 4. Qc2 d5 5. e3 O-O 6. Nf3 Nbd7 7. Bd2 c5 8. dxc5
Nxc5 9. Rd1 Bxc3 10. Bxc3 Qe7 11. Bxf6 Qxf6 12. cxd5 b6 13. Bc4 Ba6 14. Bxa6
Nxa6 15. Qc4 Nc5 16. b4 exd5 17. Rxd5 Na4 18. O-O Rac8 19. Qd4 Rc2 20. Qxf6
gxf6 21. Rd7 Rxa2 22. Rxa7 Rc8 23. Nd4 Rc4 24. Nf5 h5 25. b5 Rd2 26. Nh6+ Kh7
27. Nxf7 Kg6 28. g3 Nc3 29. Nh8+ Kf5 30. Rh7 h4 31. Rh5+ Ke6 32. Ng6 hxg3 33.
hxg3 Ne4 34. Nf4+ Kd6 35. Rf5 Rcc2 36. g4 Kd7 37. Rd5+ Rxd5 38. Nxd5 Rb2 39.
Nxb6+ Ke6 40. Nc4 Rxb5 41. f3 Nc3 42. Rf2 Rc5 43. Nd2 Nd1 44. Ne4 Rc1 45. Rf1
Rb1 46. Nf2 Nc3 47. Rxb1 Nxb1 48. Kf1 Nc3 49. Ke1 Kd5 50. Kd2 Nb1+ 51. Kd3 Na3
52. Ne4 Ke5 53. f4+ Ke6 54. Nc5+ Kf7 55. Nb7 Nb5 56. Kc4 Nc7 57. Nc5 Ne8 58. e4
Ng7 59. Kd5 Kg6 60. Ne6 Ne8 61. f5+ Kf7 62. e5 Ke7 63. Ke4 Kf7 64. Kf4 Ke7 65.
exf6+ Nxf6 66. g5 Nd5+ 67. Ke5 Ne3 68. g6 Ng4+ 69. Kf4 Nf6 70. Nc5 Kf8 71. Kg5
1-0

[Event "14. Zlatá Praha-C"]
[Site "Praha"]
[Date "2018.06.30"]
[Round "5.6"]
[White "Hozda, David"]
[Black "Kozhabekov, Adilkhan"]
[Result "0-1"]
[WhiteElo "1984"]
[BlackElo "2105"]
[PlyCount "64"]
[EventDate "2018.??.??"]
[EventType "swiss (rapid)"]
[EventCountry "CZE"]

1. d4 Nf6 2. c4 e6 3. Nf3 d5 4. Bg5 Be7 5. e3 O-O 6. Nc3 b6 7. cxd5 Nxd5 8.
Bxe7 Qxe7 9. Nxd5 exd5 10. Bd3 c5 11. O-O Bb7 12. b3 Nd7 13. Rc1 Rac8 14. Qd2
Rfe8 15. Rfd1 g6 16. Bb5 Red8 17. dxc5 bxc5 18. Qa5 a6 19. Bxd7 Rxd7 20. b4
cxb4 21. Rxc8+ Bxc8 22. Rxd5 Rxd5 23. Qxd5 Bb7 24. Qe5 Qxe5 25. Nxe5 Bd5 26.
Nd3 a5 27. Nc1 a4 28. Kf1 b3 29. axb3 axb3 30. Nxb3 Bxb3 31. Ke2 Bc4+ 32. Kf3
Kg7 0-1

[Event "14. Zlatá Praha-C"]
[Site "Praha"]
[Date "2018.06.30"]
[Round "5.7"]
[White "Ocelak, Jakub"]
[Black "Groh, Jiri"]
[Result "1/2-1/2"]
[WhiteElo "1945"]
[BlackElo "2076"]
[PlyCount "111"]
[EventDate "2018.??.??"]
[EventType "swiss (rapid)"]
[EventCountry "CZE"]

1. e4 c5 2. Nf3 Nc6 3. d4 cxd4 4. Nxd4 g6 5. c4 Bg7 6. Be3 Nf6 7. Nc3 Ng4 8.
Nxc6 Nxe3 9. Nxd8 Nxd1 10. Rxd1 Kxd8 11. Be2 e6 12. f4 b6 13. e5 Bb7 14. O-O
Bf8 15. Nb5 Bc5+ 16. Kh1 Ke7 17. Nd6 Bc6 18. a3 a5 19. Bf3 Bxf3 20. Rxf3 a4 21.
Rfd3 Ra7 22. Nb5 Rb7 23. Nd6 Bxd6 24. Rxd6 Rc8 25. R1d4 Rc5 26. h3 g5 27. g3 h5
28. Kg2 b5 29. cxb5 Rcxb5 30. Rxa4 Rxb2+ 31. Kf3 R7b3+ 32. Ke4 f5+ 33. Kd4 Rxg3
34. fxg5 Rxh3 35. Ra7 Rd2+ 36. Kc5 Rxd6 37. exd6+ Ke8 38. Ra8+ Kf7 39. Ra7 Kg6
40. Rxd7 Rxa3 41. Re7 Kxg5 42. Rxe6 Rd3 43. Kc6 Rc3+ 44. Kd7 h4 45. Ke7 h3 46.
d7 Rc7 47. Kd6 Rxd7+ 48. Kxd7 h2 49. Re1 Kg4 50. Ke6 f4 51. Ke5 f3 52. Ke4 f2
53. Rf1 Kg3 54. Ke3 h1=Q 55. Rxh1 Kg2 56. Ra1 1/2-1/2

[Event "14. Zlatá Praha-C"]
[Site "Praha"]
[Date "2018.06.30"]
[Round "6.1"]
[White "Netusil, Miloslav"]
[Black "Pribyl, Josef"]
[Result "0-1"]
[WhiteElo "2262"]
[BlackElo "2207"]
[PlyCount "100"]
[EventDate "2018.??.??"]
[EventType "swiss (rapid)"]
[EventCountry "CZE"]

1. b3 Nf6 2. Bb2 c5 3. e3 Nc6 4. Nf3 d5 5. Bb5 Bd7 6. O-O e6 7. Bxc6 Bxc6 8.
Ne5 Rc8 9. d3 Bd6 10. f4 O-O 11. Nd2 Nd7 12. Ndf3 f6 13. Nxc6 Rxc6 14. Qd2 Qe7
15. Rae1 e5 16. e4 d4 17. f5 b5 18. Qa5 a6 19. Kh1 Bc7 20. Qd2 c4 21. bxc4 bxc4
22. Qe2 Rb8 23. Bc1 Ba5 24. Rd1 Qc5 25. Nh4 cxd3 26. cxd3 Qc2 27. Qg4 Qxa2 28.
Bh6 Qf7 29. Ra1 Bc3 30. Rad1 Rb2 31. Ng6 hxg6 32. fxg6 Qe6 33. Qh5 Nf8 34. Rf3
Bd2 35. Bxg7 Kxg7 36. Rh3 Qxh3 37. Qxh3 Rcc2 38. Qf3 Be3 39. Ra1 Rf2 40. Qg4
Rxg2 41. Qxg2 Rxg2 42. Kxg2 Nxg6 43. Rxa6 Nf4+ 44. Kf3 Nxd3 45. Kg4 Nc5 46.
Ra7+ Kg6 47. h4 d3 48. h5+ Kh6 49. Kf5 d2 50. Ra1 Bg5 0-1

[Event "14. Zlatá Praha-C"]
[Site "Praha"]
[Date "2018.06.30"]
[Round "6.2"]
[White "Sergeev, Vladimir"]
[Black "Svrcek, Martin"]
[Result "1-0"]
[WhiteElo "2470"]
[BlackElo "2065"]
[PlyCount "119"]
[EventDate "2018.??.??"]
[EventType "swiss (rapid)"]
[EventCountry "CZE"]

1. c4 c5 2. Nf3 g6 3. e4 Bg7 4. d4 cxd4 5. Nxd4 Nc6 6. Be3 d6 7. Nc3 Nf6 8. Be2
O-O 9. O-O Bd7 10. Qd2 a6 11. f3 Rc8 12. b3 Qa5 13. Rfd1 Ne8 14. Rac1 e6 15.
Bf1 Nxd4 16. Bxd4 Bxd4+ 17. Qxd4 Qc5 18. e5 Qa5 19. exd6 Rc6 20. Qf4 e5 21. Qe3
Rxd6 22. Nd5 Re6 23. Rc2 Qa3 24. c5 Bc6 25. Bc4 Bxd5 26. Rxd5 Nf6 27. Rxe5 Rxe5
28. Qxe5 Nd7 29. Qe7 Qxc5+ 30. Qxc5 Nxc5 31. Bxf7+ Rxf7 32. Rxc5 Rd7 33. Rc2
Kf7 34. Kf2 Ke6 35. Ke3 Ke5 36. Rc5+ Ke6 37. f4 Kd6 38. Kd4 Rf7 39. g3 Re7 40.
Rd5+ Kc6 41. Re5 Rd7+ 42. Kc3 Kd6 43. h4 Rc7+ 44. Kd3 Rc1 45. a4 Rd1+ 46. Kc3
Rg1 47. Re3 Kc5 48. a5 Kd5 49. Re5+ Kd6 50. Rg5 Ra1 51. h5 Rc1+ 52. Kd2 Rc5 53.
Rxc5 Kxc5 54. hxg6 hxg6 55. Kc3 Kd5 56. Kd3 Kc5 57. g4 Kb4 58. f5 gxf5 59. gxf5
Kc5 60. Ke4 1-0

[Event "14. Zlatá Praha-C"]
[Site "Praha"]
[Date "2018.06.30"]
[Round "6.3"]
[White "Gregor, Jiri"]
[Black "Frolov, Artur"]
[Result "1/2-1/2"]
[WhiteElo "2200"]
[BlackElo "2327"]
[PlyCount "67"]
[EventDate "2018.??.??"]
[EventType "swiss (rapid)"]
[EventCountry "CZE"]

1. d4 Nf6 2. c4 c5 3. d5 e5 4. Nc3 d6 5. e4 g6 6. Bd3 h5 7. Nge2 Bh6 8. Bxh6
Rxh6 9. Qd2 Rh8 10. h4 a6 11. f3 Nbd7 12. O-O-O Ke7 13. Kb1 Qf8 14. g3 Qh6 15.
Qg5 Qxg5 16. hxg5 Ne8 17. g4 h4 18. Rdg1 Kf8 19. Rf1 Kg7 20. Nd1 Nc7 21. Rh2 b5
22. Rfh1 Nb6 23. Rxh4 Rxh4 24. Rxh4 bxc4 25. Bc2 Bd7 26. Ndc3 Nb5 27. Bd1 Nd4
28. Ng3 a5 29. Kc1 Rh8 30. Rxh8 Kxh8 31. Kd2 Kg7 32. Ke3 f6 33. gxf6+ Kxf6 34.
f4 1/2-1/2

[Event "14. Zlatá Praha-C"]
[Site "Praha"]
[Date "2018.06.30"]
[Round "6.4"]
[White "Burgermeister, Michal"]
[Black "Plischki, Sebastian"]
[Result "0-1"]
[WhiteElo "1914"]
[BlackElo "2486"]
[PlyCount "64"]
[EventDate "2018.??.??"]
[EventType "swiss (rapid)"]
[EventCountry "CZE"]

1. e4 c5 2. Nc3 Nc6 3. g3 g6 4. Bg2 Bg7 5. d3 d6 6. Nge2 e5 7. h3 Nge7 8. O-O
O-O 9. f4 Be6 10. Be3 Qd7 11. Kh2 Nd4 12. Qd2 f6 13. Nd1 Rac8 14. c3 Nxe2 15.
Qxe2 exf4 16. Bxf4 d5 17. Nf2 d4 18. c4 Nc6 19. Rae1 Rce8 20. Qd1 g5 21. Bc1 h6
22. Bf3 Ne5 23. Bh5 Re7 24. Ng4 f5 25. Nxe5 Bxe5 26. Kg2 fxe4 27. Rxf8+ Kxf8
28. g4 e3 29. Qf3+ Kg7 30. Qe4 Qc6 31. Qxc6 bxc6 32. a3 Bg8 0-1

[Event "14. Zlatá Praha-C"]
[Site "Praha"]
[Date "2018.06.30"]
[Round "6.5"]
[White "Kozhabekov, Adilkhan"]
[Black "Janacek, Jaroslav"]
[Result "1-0"]
[WhiteElo "2105"]
[BlackElo "2006"]
[PlyCount "65"]
[EventDate "2018.??.??"]
[EventType "swiss (rapid)"]
[EventCountry "CZE"]

1. d4 d6 2. Nc3 e5 3. Nf3 Nd7 4. e4 Ngf6 5. h3 Be7 6. Bc4 c6 7. a4 Qc7 8. Be3
h6 9. Bb3 Nf8 10. a5 g5 11. Qd2 Ng6 12. g3 g4 13. hxg4 Bxg4 14. Nh2 h5 15. d5
O-O-O 16. Bxa7 Nh7 17. Bb6 Qd7 18. dxc6 bxc6 19. a6 h4 20. Qd3 hxg3 21. fxg3
Ng5 22. a7 Qb7 23. a8=Q+ Qxa8 24. Rxa8+ Kd7 25. Rxd8+ Bxd8 26. Bxd8 Nf3+ 27.
Nxf3 Rxh1+ 28. Kf2 Kxd8 29. Qxd6+ Ke8 30. Qxc6+ Kf8 31. Qc5+ Kg7 32. Nxe5 Rh2+
33. Ke1 1-0

[Event "14. Zlatá Praha-C"]
[Site "Praha"]
[Date "2018.06.30"]
[Round "6.6"]
[White "Krivanek, Vladimir"]
[Black "Sakovski, Roman"]
[Result "1-0"]
[WhiteElo "2109"]
[BlackElo "1652"]
[PlyCount "45"]
[EventDate "2018.??.??"]
[EventType "swiss (rapid)"]
[EventCountry "CZE"]

1. e4 d6 2. d4 e5 3. Nf3 Bg4 4. Bc4 Nf6 5. dxe5 Bxf3 6. Qxf3 dxe5 7. Qb3 Qc8 8.
Bxf7+ Kd8 9. Nc3 Nbd7 10. Be3 Ng4 11. Bg5+ Ngf6 12. O-O-O Bd6 13. Nb5 Qb8 14.
Qe6 Rf8 15. Bxf6+ gxf6 16. Bh5 Nc5 17. Qd5 Ke7 18. Nxd6 cxd6 19. Bg4 a5 20.
Rhf1 Ra6 21. f4 b5 22. fxe5 Kd8 23. Qxc5 1-0

[Event "14. Zlatá Praha-C"]
[Site "Praha"]
[Date "2018.06.30"]
[Round "6.7"]
[White "Veselsky, Jan"]
[Black "Benes, Petr"]
[Result "0-1"]
[WhiteElo "1636"]
[BlackElo "2099"]
[PlyCount "74"]
[EventDate "2018.??.??"]
[EventType "swiss (rapid)"]
[EventCountry "CZE"]

1. d4 Nf6 2. c4 e5 3. dxe5 Ng4 4. Nf3 Bc5 5. e3 Nc6 6. Bd2 a5 7. Bc3 O-O 8. Be2
Qe7 9. Nbd2 Ngxe5 10. O-O Ng6 11. Nb3 Bb4 12. Qc2 d6 13. a3 Bxc3 14. Qxc3 b6
15. Nbd4 Nce5 16. Rac1 Bb7 17. Nxe5 dxe5 18. Nf3 e4 19. Nd4 c5 20. Nf5 Qe5 21.
Qxe5 Nxe5 22. Ne7+ Kh8 23. Nd5 Bxd5 24. cxd5 Rfd8 25. Rfd1 Rd6 26. Rc2 Rad8 27.
Rcd2 Nd3 28. Bxd3 Rxd5 29. Kf1 c4 30. Bxc4 Rxd2 31. Rxd2 Rxd2 32. Bxf7 Rxb2 33.
Bd5 b5 34. Bxe4 b4 35. axb4 a4 36. Ke1 a3 37. Bd5 a2 0-1

[Event "14. Zlatá Praha-C"]
[Site "Praha"]
[Date "2018.06.30"]
[Round "7.2"]
[White "Gregor, Jiri"]
[Black "Sergeev, Vladimir"]
[Result "1/2-1/2"]
[WhiteElo "2200"]
[BlackElo "2470"]
[PlyCount "43"]
[EventDate "2018.??.??"]
[EventType "swiss (rapid)"]
[EventCountry "CZE"]

1. d4 Nf6 2. c4 d6 3. Nc3 g6 4. Nf3 Bg4 5. e3 Bg7 6. h3 Bf5 7. Bd3 Bxd3 8. Qxd3
e6 9. O-O O-O 10. e4 c6 11. Bg5 h6 12. Be3 Nbd7 13. Rfe1 e5 14. Rad1 Re8 15.
dxe5 dxe5 16. c5 Qe7 17. Qc4 Bf8 18. b4 a5 19. a3 axb4 20. axb4 Ra3 21. Nb1
Raa8 22. Nfd2 1/2-1/2

[Event "14. Zlatá Praha-C"]
[Site "Praha"]
[Date "2018.06.30"]
[Round "7.3"]
[White "Plischki, Sebastian"]
[Black "Kozhabekov, Adilkhan"]
[Result "1-0"]
[WhiteElo "2486"]
[BlackElo "2105"]
[PlyCount "65"]
[EventDate "2018.??.??"]
[EventType "swiss (rapid)"]
[EventCountry "CZE"]

1. d4 Nf6 2. c4 b6 3. Nc3 Bb7 4. Qc2 d5 5. cxd5 Nxd5 6. e4 Nxc3 7. bxc3 e5 8.
Nf3 exd4 9. Bc4 Be7 10. cxd4 Bb4+ 11. Ke2 Be7 12. Re1 O-O 13. Kf1 Nc6 14. Bb2
Bb4 15. Re2 Na5 16. Bd3 Be7 17. Rd1 Nc6 18. a3 f6 19. d5 Nb8 20. Nd4 Qd6 21.
Kg1 Ba6 22. Ne6 Bxd3 23. Rxd3 Rc8 24. e5 fxe5 25. Bxe5 Qd7 26. Rg3 Bf8 27. Bxg7
Bxg7 28. Rxg7+ Qxg7 29. Nxg7 Kxg7 30. Re7+ Kf6 31. Qxh7 Rf8 32. Re6+ Kg5 33.
Qg6+ 1-0

[Event "14. Zlatá Praha-C"]
[Site "Praha"]
[Date "2018.06.30"]
[Round "7.4"]
[White "Groh, Jiri"]
[Black "Netusil, Miloslav"]
[Result "1-0"]
[WhiteElo "2076"]
[BlackElo "2262"]
[PlyCount "99"]
[EventDate "2018.??.??"]
[EventType "swiss (rapid)"]
[EventCountry "CZE"]

1. Nf3 Nf6 2. c4 g6 3. g3 Bg7 4. Bg2 O-O 5. O-O d6 6. Nc3 e5 7. d4 Nbd7 8. b4
a5 9. b5 exd4 10. Nxd4 Nb6 11. Qd3 Nfd7 12. e3 Ne5 13. Qe2 Nexc4 14. Rb1 Re8
15. Qd1 h5 16. Na4 Nxa4 17. Qxa4 Ne5 18. b6 c6 19. f4 Ng4 20. Nxc6 bxc6 21. b7
Bxb7 22. Rxb7 Nxe3 23. Qb3 Nd5 24. Bxd5 cxd5 25. Qxd5 Qf6 26. Bb2 Qe6 27. Qxe6
Rxe6 28. Bxg7 Kxg7 29. f5 Rf6 30. fxg6 Kxg6 31. Rb6 Re6 32. Rd1 Rd8 33. Ra6 Kf6
34. Rxa5 Re2 35. Ra7 Ke6 36. a4 Rb8 37. Ra5 Rbb2 38. Rxh5 Rg2+ 39. Kh1 Rge2 40.
a5 Ra2 41. Kg1 f5 42. Rh6+ Ke5 43. Rhxd6 Rxa5 44. Rd8 Kf6 45. R8d2 Re3 46. Kg2
Raa3 47. Rf2 Kg5 48. Rd8 Kg6 49. Rg8+ Kf7 50. Rg5 1-0

[Event "14. Zlatá Praha-C"]
[Site "Praha"]
[Date "2018.06.30"]
[Round "7.5"]
[White "Svrcek, Martin"]
[Black "Krivanek, Vladimir"]
[Result "1-0"]
[WhiteElo "2065"]
[BlackElo "2109"]
[PlyCount "81"]
[EventDate "2018.??.??"]
[EventType "swiss (rapid)"]
[EventCountry "CZE"]

1. d4 e6 2. e3 f5 3. f4 Nf6 4. Nf3 b6 5. Bd3 Bb7 6. O-O Na6 7. c4 Be7 8. Nc3
O-O 9. Qe2 c5 10. b3 Nc7 11. Bb2 Ne4 12. Rfd1 Qe8 13. Nd2 d5 14. cxd5 exd5 15.
Nf3 Ne6 16. Bb5 Nxc3 17. Bxc3 Qh5 18. Bd7 Nc7 19. Bb5 Nxb5 20. Qxb5 Qe8 21. Qd3
a5 22. dxc5 bxc5 23. Ne5 Bf6 24. Rac1 Qe7 25. Nf3 a4 26. Bxf6 Rxf6 27. Ne5 axb3
28. Qxb3 h6 29. Rxd5 c4 30. Qxc4 Kh7 31. Rd7 Qa3 32. Rxb7 Qxe3+ 33. Kh1 Rxa2
34. Qc7 Rxg2 35. Kxg2 Qe2+ 36. Kh1 Qe4+ 37. Kg1 Qe3+ 38. Kf1 Qxf4+ 39. Ke2
Qxh2+ 40. Kd3 Qg3+ 41. Kc2 1-0

[Event "14. Zlatá Praha-C"]
[Site "Praha"]
[Date "2018.06.30"]
[Round "7.6"]
[White "Benes, Petr"]
[Black "Steiner, Juraj"]
[Result "1-0"]
[WhiteElo "2099"]
[BlackElo "1914"]
[PlyCount "70"]
[EventDate "2018.??.??"]
[EventType "swiss (rapid)"]
[EventCountry "CZE"]

1. c4 c5 2. Nc3 e6 3. Nf3 b6 4. g3 Bb7 5. Bg2 Nf6 6. O-O d6 7. a3 a6 8. Rb1 Qc7
9. d3 g6 10. b4 Nbd7 11. Qb3 Bg7 12. bxc5 Nxc5 13. Qxb6 Qxb6 14. Rxb6 Nfd7 15.
Rxb7 Nxb7 16. Bd2 Rb8 17. Ne4 Ke7 18. Bg5+ f6 19. Be3 h6 20. Nh4 Kf7 21. Rb1 g5
22. Rxb7 Rxb7 23. Nxd6+ Ke7 24. Nxb7 gxh4 25. Na5 hxg3 26. hxg3 Kf7 27. c5 Rc8
28. c6 Ne5 29. f4 Ng4 30. Bb6 Bf8 31. a4 Bb4 32. c7 Bd2 33. Bb7 Be3+ 34. Bxe3
Rxc7 35. Bb6 Ke8 1-0

[Event "14. Zlatá Praha-C"]
[Site "Praha"]
[Date "2018.06.30"]
[Round "7.7"]
[White "Janacek, Jaroslav"]
[Black "Gubin, Michail"]
[Result "1-0"]
[WhiteElo "2006"]
[BlackElo "1427"]
[PlyCount "77"]
[EventDate "2018.??.??"]
[EventType "swiss (rapid)"]
[EventCountry "CZE"]

1. Nf3 Nf6 2. c4 c5 3. g3 g6 4. b3 Bg7 5. Bb2 O-O 6. Bg2 Qc7 7. O-O b6 8. d3
Bb7 9. Nbd2 d5 10. cxd5 Bxd5 11. Rc1 Qd8 12. Rc2 Nc6 13. Qa1 Nb4 14. Rcc1 Nh5
15. Bxg7 Nxg7 16. a3 Nc6 17. Nc4 b5 18. Ne3 Na5 19. Nxd5 Qxd5 20. Nd2 Qg5 21.
Bxa8 Qxd2 22. Bf3 Nxb3 23. Qc3 Qxc3 24. Rxc3 Nd2 25. Rfc1 Nxf3+ 26. exf3 Ne6
27. f4 Nd4 28. Kf1 Ne6 29. h3 a6 30. Ke2 b4 31. axb4 cxb4 32. Rc8 Nd4+ 33. Ke3
Nb5 34. Rxf8+ Kxf8 35. Rc8+ Kg7 36. Ra8 Nc7 37. Ra7 Nd5+ 38. Kd4 b3 39. Kxd5
1-0